[Event "Deutsche Ländermeisterschaft 2025"]
[Site "Oer-Erkenschwick GER"]
[Date "2025.10.03"]
[Round "4"]
[White "Du, Vivian"]
[Black "Vasilieva, Sophie Victoria"]
[Result "1/2-1/2"]
[Termination "normal"]
[Board "6.8"]
[WhiteElo "1440"]
[BlackElo "1488"]
[WhiteClock "00:49:46"]
[BlackClock "00:11:51"]
[WhiteTeam "Hamburg 1"]
[BlackTeam "Schleswig-Holstein"]
[PlyCount "83"]
[WhiteFideId "533025924"]
[BlackFideId "533007071"]
[EventCountry "GER"]
[EventRounds "7"]
[EventType "team-swiss"]
[EventDate "2025.09.30"]

1. e4 {[%clk 01:30:59]} {[%emt 00:00:02]} g6 {[%clk 01:30:49]} {[%emt
00:00:09]} 2. d4 {[%clk 01:31:18]} {[%emt 00:00:10]} Bg7 {[%clk 01:31:06]}
{[%emt 00:00:14]} 3. Nf3 {[%clk 01:31:17]} {[%emt 00:00:31]} c6 {[%clk
01:31:26]} {[%emt 00:00:11]} 4. c4 {[%clk 01:30:52]} {[%emt 00:00:54]} d5
{[%clk 01:31:01]} {[%emt 00:00:55]} 5. exd5 {[%clk 01:30:00]} {[%emt 00:01:22]}
cxd5 {[%clk 01:31:12]} {[%emt 00:00:20]} 6. Nc3 {[%clk 01:28:22]} {[%emt
00:02:08]} dxc4 {[%clk 01:24:16]} {[%emt 00:07:25]} 7. Bxc4 {[%clk 01:24:49]}
{[%emt 00:04:03]} Qb6 {[%clk 01:20:29]} {[%emt 00:04:17]} 8. Qb3 {[%clk
01:22:03]} {[%emt 00:03:17]} Qxb3 {[%clk 01:19:25]} {[%emt 00:01:34]} 9. Bxb3
{[%clk 01:22:24]} {[%emt 00:00:10]} h6 {[%clk 01:17:37]} {[%emt 00:02:17]} 10.
Bf4 {[%clk 01:20:42]} {[%emt 00:02:11]} e6 {[%clk 01:05:55]} {[%emt 00:12:13]}
11. Nb5 {[%clk 01:20:48]} {[%emt 00:00:25]} Na6 {[%clk 01:03:38]} {[%emt
00:04:57]} 12. Nd6+ {[%clk 01:17:30]} {[%emt 00:03:47]} Ke7 {[%clk 01:03:07]}
{[%emt 00:01:01]} 13. Rc1 {[%clk 01:16:58]} {[%emt 00:01:02]} Nf6 {[%clk
01:02:33]} {[%emt 00:01:04]} 14. Nb5 {[%clk 01:15:55]} {[%emt 00:01:34]} Rd8
{[%clk 00:58:55]} {[%emt 00:04:01]} 15. Nc7 {[%clk 01:14:47]} {[%emt 00:01:44]}
Nxc7 {[%clk 00:58:20]} {[%emt 00:01:05]} 16. Rxc7+ {[%clk 01:12:05]} {[%emt
00:03:12]} Rd7 {[%clk 00:55:44]} {[%emt 00:03:05]} 17. Rxd7+ {[%clk 01:11:45]}
{[%emt 00:00:52]} Bxd7 {[%clk 00:55:47]} {[%emt 00:00:26]} 18. O-O {[%clk
01:10:24]} {[%emt 00:01:51]} Rc8 {[%clk 00:48:00]} {[%emt 00:08:13]} 19. Re1
{[%clk 01:09:40]} {[%emt 00:01:17]} Kf8 {[%clk 00:46:57]} {[%emt 00:01:33]} 20.
Bd6+ {[%clk 01:08:35]} {[%emt 00:01:35]} Kg8 {[%clk 00:47:00]} {[%emt
00:00:27]} 21. Ne5 {[%clk 01:08:40]} {[%emt 00:00:25]} Re8 {[%clk 00:38:01]}
{[%emt 00:09:28]} 22. Rc1 {[%clk 01:03:16]} {[%emt 00:05:56]} Rc8 {[%clk
00:35:52]} {[%emt 00:02:38]} 23. Rxc8+ {[%clk 01:01:22]} {[%emt 00:02:26]} Bxc8
{[%clk 00:36:12]} {[%emt 00:00:09]} 24. Bb8 {[%clk 01:00:19]} {[%emt 00:01:33]}
a6 {[%clk 00:35:55]} {[%emt 00:00:47]} 25. a4 {[%clk 00:58:43]} {[%emt
00:02:05]} Ne4 {[%clk 00:29:10]} {[%emt 00:07:15]} 26. Bc2 {[%clk 00:56:33]}
{[%emt 00:02:38]} Nf6 {[%clk 00:22:29]} {[%emt 00:07:13]} 27. b4 {[%clk
00:54:39]} {[%emt 00:02:24]} Nd7 {[%clk 00:21:03]} {[%emt 00:01:55]} 28. Nxd7
{[%clk 00:54:26]} {[%emt 00:00:43]} Bxd7 {[%clk 00:21:20]} {[%emt 00:00:14]}
29. Ba7 {[%clk 00:53:21]} {[%emt 00:01:35]} Bc6 {[%clk 00:17:37]} {[%emt
00:04:12]} 30. Kf1 {[%clk 00:51:42]} {[%emt 00:02:10]} e5 {[%clk 00:17:28]}
{[%emt 00:00:39]} 31. dxe5 {[%clk 00:51:13]} {[%emt 00:01:00]} Bxe5 {[%clk
00:17:39]} {[%emt 00:00:17]} 32. h3 {[%clk 00:51:12]} {[%emt 00:00:32]} Bb2
{[%clk 00:17:40]} {[%emt 00:00:29]} 33. Bc5 {[%clk 00:50:31]} {[%emt 00:01:11]}
Ba3 {[%clk 00:17:35]} {[%emt 00:00:35]} 34. f3 {[%clk 00:50:10]} {[%emt
00:00:52]} a5 {[%clk 00:17:40]} {[%emt 00:00:25]} 35. b5 {[%clk 00:49:54]}
{[%emt 00:00:46]} Bxc5 {[%clk 00:17:51]} {[%emt 00:00:18]} 36. bxc6 {[%clk
00:50:16]} bxc6 {[%clk 00:18:10]} {[%emt 00:00:20]} 37. Be4 {[%clk 00:50:39]}
Kg7 {[%clk 00:18:09]} {[%emt 00:00:38]} 38. Bxc6 {[%clk 00:51:00]} f6 {[%clk
00:17:28]} {[%emt 00:01:20]} 39. Ke2 {[%clk 00:50:08]} Kf7 {[%clk 00:17:04]}
{[%emt 00:02:13]} 40. Bd5+ {[%emt 00:01:23]} Ke7 {[%clk 00:17:15]} 41. g3
{[%clk 00:49:46]} {[%emt 00:00:20]} g5 {[%clk 00:11:51]} {[%emt 00:05:54]} 42.
g4 {[%emt 00:00:34]} 1/2-1/2

[Event "Deutsche Ländermeisterschaft 2025"]
[Site "Oer-Erkenschwick GER"]
[Date "2025.10.03"]
[Round "4"]
[White "van Arendonk, Polle"]
[Black "Herrmann, Jakob"]
[Result "1/2-1/2"]
[Termination "normal"]
[Board "7.1"]
[BlackTitle "FM"]
[WhiteElo "2105"]
[BlackElo "2252"]
[WhiteClock "00:24:32"]
[BlackClock "00:31:25"]
[WhiteTeam "Stichts-Gooise Schaakbond"]
[BlackTeam "Mecklenburg-Vorpommern"]
[PlyCount "94"]
[WhiteFideId "1072048"]
[BlackFideId "16287169"]
[EventCountry "GER"]
[EventRounds "7"]
[EventType "team-swiss"]
[EventDate "2025.09.30"]

1. e4 {[%clk 01:30:56]} {[%emt 00:00:04]} c6 {[%clk 01:30:47]} {[%emt
00:00:14]} 2. d4 {[%clk 01:31:22]} {[%emt 00:00:03]} d5 {[%clk 01:31:11]}
{[%emt 00:00:06]} 3. Nc3 {[%clk 01:31:47]} {[%emt 00:00:04]} dxe4 {[%clk
01:31:35]} {[%emt 00:00:06]} 4. Nxe4 {[%clk 01:32:11]} {[%emt 00:00:07]} Nf6
{[%clk 01:32:00]} {[%emt 00:00:05]} 5. Nxf6+ {[%clk 01:32:34]} {[%emt
00:00:07]} exf6 {[%clk 01:32:25]} {[%emt 00:00:04]} 6. c3 {[%clk 01:32:55]}
{[%emt 00:00:09]} Bd6 {[%clk 01:32:51]} {[%emt 00:00:04]} 7. Bd3 {[%clk
01:33:21]} {[%emt 00:00:04]} O-O {[%clk 01:33:09]} {[%emt 00:00:12]} 8. Qc2
{[%clk 01:33:47]} {[%emt 00:00:05]} Re8+ {[%clk 01:32:50]} {[%emt 00:00:48]} 9.
Ne2 {[%clk 01:34:11]} {[%emt 00:00:06]} h5 {[%clk 01:33:16]} {[%emt 00:00:04]}
10. O-O {[%clk 01:34:13]} {[%emt 00:00:28]} h4 {[%clk 01:33:40]} {[%emt
00:00:07]} 11. Nf4 {[%clk 01:33:02]} {[%emt 00:01:41]} Nd7 {[%clk 01:34:03]}
{[%emt 00:00:06]} 12. Qd1 {[%clk 01:33:08]} {[%emt 00:00:24]} Nf8 {[%clk
01:34:19]} {[%emt 00:00:14]} 13. Qh5 {[%clk 01:33:06]} {[%emt 00:00:32]} Bxf4
{[%clk 01:34:42]} {[%emt 00:00:06]} 14. Bxf4 {[%clk 01:33:22]} {[%emt
00:00:14]} h3 {[%clk 01:35:08]} {[%emt 00:00:05]} 15. gxh3 {[%clk 01:33:22]}
{[%emt 00:00:31]} Be6 {[%clk 01:35:32]} {[%emt 00:00:05]} 16. Rfe1 {[%clk
01:12:09]} {[%emt 00:21:43]} Qd7 {[%clk 01:35:40]} {[%emt 00:00:21]} 17. Re3
{[%clk 01:03:17]} {[%emt 00:09:22]} Ng6 {[%clk 01:35:45]} {[%emt 00:00:25]} 18.
Bxg6 {[%clk 00:53:04]} {[%emt 00:10:44]} fxg6 {[%clk 01:36:10]} {[%emt
00:00:05]} 19. Qxg6 {[%clk 00:53:26]} {[%emt 00:00:07]} Bf5 {[%clk 01:36:36]}
{[%emt 00:00:05]} 20. Qg3 {[%clk 00:51:12]} {[%emt 00:02:44]} Rxe3 {[%clk
01:36:22]} {[%emt 00:00:43]} 21. fxe3 {[%clk 00:50:35]} {[%emt 00:01:09]} Re8
{[%clk 01:29:48]} {[%emt 00:07:02]} 22. h4 {[%clk 00:32:43]} {[%emt 00:18:23]}
Qd5 {[%clk 01:28:25]} {[%emt 00:01:52]} 23. Qg2 {[%clk 00:26:39]} {[%emt
00:06:34]} Be4 {[%clk 01:26:41]} {[%emt 00:02:14]} 24. Qe2 {[%clk 00:23:10]}
{[%emt 00:04:00]} Qf5 {[%clk 01:17:52]} {[%emt 00:09:18]} 25. Re1 {[%clk
00:18:49]} {[%emt 00:04:52]} c5 {[%clk 01:08:04]} {[%emt 00:10:17]} 26. Qf1
{[%clk 00:02:33]} {[%emt 00:16:47]} Bd3 {[%clk 00:56:17]} {[%emt 00:12:17]} 27.
Qf2 {[%clk 00:01:25]} {[%emt 00:01:38]} cxd4 {[%clk 00:56:41]} {[%emt
00:00:06]} 28. cxd4 {[%clk 00:01:33]} {[%emt 00:00:22]} Rc8 {[%clk 00:56:44]}
{[%emt 00:00:26]} 29. Bg3 {[%clk 00:01:21]} {[%emt 00:00:44]} Qd5 {[%clk
00:56:54]} {[%emt 00:00:19]} 30. e4 {[%clk 00:00:56]} {[%emt 00:00:54]} Bxe4
{[%clk 00:57:05]} {[%emt 00:00:19]} 31. Qe3 {[%clk 00:00:54]} {[%emt 00:00:31]}
Bf5 {[%clk 00:52:02]} {[%emt 00:05:34]} 32. Rc1 {[%clk 00:00:43]} {[%emt
00:00:41]} Rxc1+ {[%clk 00:51:53]} {[%emt 00:00:39]} 33. Qxc1 {[%clk 00:01:12]}
{[%emt 00:00:01]} Qxd4+ {[%clk 00:52:15]} {[%emt 00:00:08]} 34. Bf2 {[%clk
00:01:34]} {[%emt 00:00:08]} Qg4+ {[%clk 00:52:29]} {[%emt 00:00:15]} 35. Bg3
{[%clk 00:01:55]} {[%emt 00:00:09]} Be4 {[%clk 00:47:23]} {[%emt 00:05:36]} 36.
Qe3 {[%clk 00:01:01]} {[%emt 00:01:24]} Bc6 {[%clk 00:47:29]} {[%emt 00:00:24]}
37. a3 {[%clk 00:00:41]} {[%emt 00:00:50]} Qd1+ {[%clk 00:46:39]} {[%emt
00:01:19]} 38. Be1 {[%clk 00:00:54]} {[%emt 00:00:18]} Qc2 {[%clk 00:31:04]}
{[%emt 00:16:05]} 39. Qf2 {[%clk 00:01:20]} {[%emt 00:00:05]} Qe4 {[%clk
00:31:29]} {[%emt 00:00:04]} 40. Qg3 {[%clk 00:01:02]} {[%emt 00:00:48]} a6
{[%clk 00:19:33]} {[%emt 00:12:26]} 41. Bc3 {[%clk 00:30:06]} {[%emt 00:01:26]}
Qh1+ {[%clk 00:48:10]} {[%emt 00:01:53]} 42. Kf2 {[%clk 00:30:25]} {[%emt
00:00:11]} Bb5 {[%clk 00:48:04]} {[%emt 00:00:36]} 43. Qg2 {[%clk 00:24:09]}
{[%emt 00:06:46]} Qd1 {[%clk 00:43:49]} {[%emt 00:04:44]} 44. Qxb7 {[%clk
00:23:38]} {[%emt 00:01:02]} Qe2+ {[%clk 00:30:09]} {[%emt 00:14:09]} 45. Kg3
{[%clk 00:24:00]} {[%emt 00:00:09]} Qe3+ {[%clk 00:30:35]} {[%emt 00:00:04]}
46. Qf3 {[%clk 00:24:14]} {[%emt 00:00:16]} Qg1+ {[%clk 00:31:00]} {[%emt
00:00:04]} 47. Qg2 {[%clk 00:24:32]} {[%emt 00:00:13]} Qe3+ {[%clk 00:31:25]}
{[%emt 00:00:05]} 1/2-1/2

[Event "Deutsche Ländermeisterschaft 2025"]
[Site "Oer-Erkenschwick GER"]
[Date "2025.10.03"]
[Round "4"]
[White "Großmann, Piet"]
[Black "Terlouw, Wouter"]
[Result "0-1"]
[Termination "normal"]
[Board "7.2"]
[BlackTitle "CM"]
[WhiteElo "2077"]
[BlackElo "2102"]
[WhiteClock "00:01:12"]
[BlackClock "00:39:46"]
[WhiteTeam "Mecklenburg-Vorpommern"]
[BlackTeam "Stichts-Gooise Schaakbond"]
[PlyCount "76"]
[WhiteFideId "16234359"]
[BlackFideId "1087401"]
[EventCountry "GER"]
[EventRounds "7"]
[EventType "team-swiss"]
[EventDate "2025.09.30"]

1. e4 {[%clk 01:30:57]} {[%emt 00:00:02]} c5 {[%clk 01:30:54]} {[%emt
00:00:06]} 2. Nf3 {[%clk 01:30:56]} {[%emt 00:00:31]} Nc6 {[%clk 01:31:16]}
{[%emt 00:00:08]} 3. d4 {[%clk 01:31:20]} {[%emt 00:00:06]} cxd4 {[%clk
01:31:41]} {[%emt 00:00:06]} 4. Nxd4 {[%clk 01:31:46]} {[%emt 00:00:04]} Nf6
{[%clk 01:31:59]} {[%emt 00:00:11]} 5. Nc3 {[%clk 01:32:09]} {[%emt 00:00:08]}
e5 {[%clk 01:32:26]} {[%emt 00:00:03]} 6. Ndb5 {[%clk 01:31:55]} {[%emt
00:00:44]} d6 {[%clk 01:32:49]} {[%emt 00:00:07]} 7. Nd5 {[%clk 01:32:02]}
{[%emt 00:00:22]} Nxd5 {[%clk 01:33:12]} {[%emt 00:00:07]} 8. exd5 {[%clk
01:32:25]} {[%emt 00:00:08]} Nb8 {[%clk 01:33:38]} {[%emt 00:00:03]} 9. a4
{[%clk 01:32:34]} {[%emt 00:00:22]} Be7 {[%clk 01:33:59]} {[%emt 00:00:07]} 10.
Be2 {[%clk 01:32:53]} {[%emt 00:00:11]} O-O {[%clk 01:34:22]} {[%emt 00:00:08]}
11. O-O {[%clk 01:33:03]} {[%emt 00:00:21]} Nd7 {[%clk 01:34:40]} {[%emt
00:00:12]} 12. Bd2 {[%clk 01:32:19]} {[%emt 00:01:13]} a6 {[%clk 01:35:05]}
{[%emt 00:00:06]} 13. Na3 {[%clk 01:32:44]} {[%emt 00:00:05]} a5 {[%clk
01:35:31]} {[%emt 00:00:04]} 14. Nb5 {[%clk 01:31:05]} {[%emt 00:02:08]} f5
{[%clk 01:29:21]} {[%emt 00:06:41]} 15. b4 {[%clk 01:26:27]} {[%emt 00:05:08]}
f4 {[%clk 01:22:24]} {[%emt 00:07:26]} 16. Bd3 {[%clk 00:41:34]} {[%emt
00:45:23]} Rf6 {[%clk 01:17:00]} {[%emt 00:05:54]} 17. c4 {[%clk 00:39:17]}
{[%emt 00:02:47]} axb4 {[%clk 01:13:01]} {[%emt 00:04:30]} 18. Bxb4 {[%clk
00:39:40]} {[%emt 00:00:07]} Rh6 {[%clk 01:11:28]} {[%emt 00:02:02]} 19. Bf5
{[%clk 00:31:56]} {[%emt 00:08:13]} Nf8 {[%clk 00:54:30]} {[%emt 00:17:29]} 20.
Qc2 {[%clk 00:30:15]} {[%emt 00:02:11]} Ng6 {[%clk 00:52:06]} {[%emt 00:02:54]}
21. Bxc8 {[%clk 00:24:14]} {[%emt 00:06:31]} Rxc8 {[%clk 00:52:08]} {[%emt
00:00:27]} 22. Ra3 {[%clk 00:24:10]} {[%emt 00:00:34]} Nh4 {[%clk 00:50:54]}
{[%emt 00:01:45]} 23. f3 {[%clk 00:08:22]} {[%emt 00:16:18]} Qf8 {[%clk
00:47:34]} {[%emt 00:03:51]} 24. Rc1 {[%clk 00:08:17]} {[%emt 00:00:34]} Rg6
{[%clk 00:47:23]} {[%emt 00:00:41]} 25. a5 {[%clk 00:07:04]} {[%emt 00:01:43]}
Qf6 {[%clk 00:42:03]} {[%emt 00:05:50]} 26. a6 {[%clk 00:06:41]} {[%emt
00:00:54]} bxa6 {[%clk 00:41:48]} {[%emt 00:00:45]} 27. Rxa6 {[%clk 00:07:04]}
{[%emt 00:00:07]} Rxg2+ {[%clk 00:41:41]} {[%emt 00:00:36]} 28. Qxg2 {[%clk
00:07:27]} {[%emt 00:00:07]} Nxg2 {[%clk 00:42:08]} {[%emt 00:00:04]} 29. Kxg2
{[%clk 00:07:52]} {[%emt 00:00:05]} Qg6+ {[%clk 00:42:27]} {[%emt 00:00:11]}
30. Kh1 {[%clk 00:05:26]} {[%emt 00:02:56]} Qd3 {[%clk 00:37:46]} {[%emt
00:05:11]} 31. Ra3 {[%clk 00:05:28]} {[%emt 00:00:29]} Qe2 {[%clk 00:38:06]}
{[%emt 00:00:08]} 32. Nxd6 {[%clk 00:01:26]} {[%emt 00:04:33]} Bxd6 {[%clk
00:38:31]} {[%emt 00:00:06]} 33. Bxd6 {[%clk 00:01:48]} {[%emt 00:00:07]} e4
{[%clk 00:38:55]} {[%emt 00:00:06]} 34. Rg1 {[%clk 00:00:37]} {[%emt 00:01:40]}
exf3 {[%clk 00:39:06]} {[%emt 00:00:20]} 35. Ra7 {[%clk 00:00:49]} {[%emt
00:00:18]} g6 {[%clk 00:39:30]} {[%emt 00:00:06]} 36. Re7 {[%clk 00:01:02]}
{[%emt 00:00:17]} Qxc4 {[%clk 00:39:16]} {[%emt 00:00:44]} 37. Be5 {[%clk
00:00:49]} {[%emt 00:00:43]} f2 {[%clk 00:39:20]} {[%emt 00:00:25]} 38. Rg7+
{[%clk 00:01:12]} {[%emt 00:00:08]} Kf8 {[%clk 00:39:46]} {[%emt 00:00:05]} 0-1

[Event "Deutsche Ländermeisterschaft 2025"]
[Site "Oer-Erkenschwick GER"]
[Date "2025.10.03"]
[Round "4"]
[White "den Heijer, Rolinde"]
[Black "Krause, Enrico"]
[Result "1-0"]
[Termination "normal"]
[Board "7.3"]
[WhiteElo "2065"]
[BlackElo "1892"]
[WhiteClock "00:12:45"]
[BlackClock "00:22:32"]
[WhiteTeam "Stichts-Gooise Schaakbond"]
[BlackTeam "Mecklenburg-Vorpommern"]
[PlyCount "91"]
[WhiteFideId "1068300"]
[BlackFideId "34618490"]
[EventCountry "GER"]
[EventRounds "7"]
[EventType "team-swiss"]
[EventDate "2025.09.30"]

1. e4 {[%clk 01:30:58]} c6 {[%clk 01:30:56]} {[%emt 00:00:04]} 2. d4 {[%clk
01:31:23]} {[%emt 00:00:05]} d5 {[%clk 01:31:24]} {[%emt 00:00:03]} 3. exd5
{[%clk 01:31:47]} {[%emt 00:00:06]} cxd5 {[%clk 01:31:48]} {[%emt 00:00:07]} 4.
c4 {[%clk 01:32:12]} {[%emt 00:00:05]} Nf6 {[%clk 01:32:13]} {[%emt 00:00:05]}
5. Nc3 {[%clk 01:32:36]} {[%emt 00:00:06]} Nc6 {[%clk 01:32:40]} {[%emt
00:00:04]} 6. Bg5 {[%clk 01:32:59]} {[%emt 00:00:06]} Be6 {[%clk 01:33:03]}
{[%emt 00:00:07]} 7. a3 {[%clk 01:33:06]} {[%emt 00:00:23]} g6 {[%clk
01:33:24]} {[%emt 00:00:09]} 8. Bxf6 {[%clk 01:33:03]} {[%emt 00:00:32]} exf6
{[%clk 01:33:50]} {[%emt 00:00:05]} 9. Nf3 {[%clk 01:31:05]} {[%emt 00:02:28]}
Be7 {[%clk 01:28:35]} {[%emt 00:05:45]} 10. Be2 {[%clk 01:28:04]} {[%emt
00:03:31]} O-O {[%clk 01:28:36]} {[%emt 00:00:28]} 11. O-O {[%clk 01:27:52]}
{[%emt 00:00:43]} a5 {[%clk 01:22:37]} {[%emt 00:06:29]} 12. Rc1 {[%clk
01:21:19]} {[%emt 00:07:03]} Re8 {[%clk 01:19:16]} {[%emt 00:03:51]} 13. c5
{[%clk 01:10:31]} {[%emt 00:11:18]} Bf8 {[%clk 01:16:58]} {[%emt 00:02:48]} 14.
Na4 {[%clk 01:07:34]} {[%emt 00:03:26]} Qc7 {[%clk 01:14:12]} {[%emt 00:03:17]}
15. Nb6 {[%clk 01:05:20]} {[%emt 00:02:44]} Rad8 {[%clk 01:14:30]} {[%emt
00:00:12]} 16. h3 {[%clk 01:02:17]} {[%emt 00:03:33]} h5 {[%clk 01:06:19]}
{[%emt 00:08:42]} 17. Rc3 {[%clk 00:55:47]} {[%emt 00:06:59]} Qf4 {[%clk
00:53:07]} {[%emt 00:13:42]} 18. Bb5 {[%clk 00:50:19]} {[%emt 00:05:57]} Bg7
{[%clk 00:39:18]} {[%emt 00:14:20]} 19. Bxc6 {[%clk 00:44:01]} {[%emt
00:06:48]} bxc6 {[%clk 00:39:38]} {[%emt 00:00:10]} 20. Qa4 {[%clk 00:43:34]}
{[%emt 00:00:56]} g5 {[%clk 00:32:08]} {[%emt 00:08:01]} 21. Qxc6 {[%clk
00:36:27]} {[%emt 00:07:37]} g4 {[%clk 00:31:34]} {[%emt 00:01:04]} 22. hxg4
{[%clk 00:32:32]} {[%emt 00:04:25]} hxg4 {[%clk 00:31:37]} {[%emt 00:00:26]}
23. g3 {[%clk 00:32:11]} {[%emt 00:00:52]} Qh6 {[%clk 00:24:27]} {[%emt
00:07:40]} 24. Ne1 {[%clk 00:17:06]} {[%emt 00:15:35]} f5 {[%clk 00:22:40]}
{[%emt 00:02:17]} 25. Rd3 {[%clk 00:14:36]} {[%emt 00:03:00]} Qc1 {[%clk
00:19:05]} {[%emt 00:04:06]} 26. Ng2 {[%clk 00:11:13]} {[%emt 00:03:52]} Qxb2
{[%clk 00:17:15]} {[%emt 00:02:19]} 27. Rfd1 {[%clk 00:11:19]} {[%emt
00:00:24]} Bh6 {[%clk 00:15:41]} {[%emt 00:02:05]} 28. Nxd5 {[%clk 00:07:03]}
{[%emt 00:04:47]} Bxd5 {[%clk 00:15:19]} {[%emt 00:00:51]} 29. Qxh6 {[%clk
00:07:26]} {[%emt 00:00:06]} Be4 {[%clk 00:13:46]} {[%emt 00:02:04]} 30. R3d2
{[%clk 00:07:32]} {[%emt 00:00:23]} Qxa3 {[%clk 00:13:22]} {[%emt 00:00:54]}
31. Ne3 {[%clk 00:06:50]} {[%emt 00:01:13]} Qb4 {[%clk 00:11:31]} {[%emt
00:02:21]} 32. Qg5+ {[%clk 00:06:11]} {[%emt 00:01:08]} Kf8 {[%clk 00:11:10]}
{[%emt 00:00:51]} 33. Nxf5 {[%clk 00:04:40]} {[%emt 00:02:01]} Bxf5 {[%clk
00:11:24]} {[%emt 00:00:16]} 34. Qxf5 {[%clk 00:05:06]} {[%emt 00:00:04]} Re1+
{[%clk 00:08:56]} {[%emt 00:02:58]} 35. Rxe1 {[%clk 00:05:08]} {[%emt
00:00:27]} Qxd2 {[%clk 00:09:21]} {[%emt 00:00:05]} 36. Qe5 {[%clk 00:03:28]}
{[%emt 00:02:10]} Qxd4 {[%clk 00:09:08]} {[%emt 00:00:44]} 37. Qe7+ {[%clk
00:02:59]} {[%emt 00:00:59]} Kg7 {[%clk 00:07:17]} {[%emt 00:02:21]} 38. Qg5+
{[%clk 00:01:35]} {[%emt 00:01:53]} Kf8 {[%clk 00:07:05]} {[%emt 00:00:44]} 39.
c6 {[%clk 00:01:30]} {[%emt 00:00:33]} Qd2 {[%clk 00:05:55]} {[%emt 00:01:41]}
40. Qe7+ {[%clk 00:01:34]} {[%emt 00:00:26]} Kg7 {[%clk 00:06:07]} {[%emt
00:00:18]} 41. c7 {[%clk 00:25:14]} {[%emt 00:06:49]} Rc8 {[%clk 00:32:20]}
{[%emt 00:04:17]} 42. Qe5+ {[%clk 00:23:53]} {[%emt 00:01:51]} Kg8 {[%clk
00:29:49]} {[%emt 00:03:02]} 43. Re4 {[%clk 00:16:15]} {[%emt 00:08:08]} Qc1+
{[%clk 00:25:01]} {[%emt 00:05:18]} 44. Kh2 {[%clk 00:16:18]} {[%emt 00:00:26]}
Rxc7 {[%clk 00:22:51]} {[%emt 00:02:41]} 45. Qe8+ {[%clk 00:12:34]} {[%emt
00:04:14]} Kh7 {[%clk 00:22:32]} {[%emt 00:00:48]} 46. Rxg4 {[%clk 00:12:45]}
{[%emt 00:00:20]} 1-0